Hồ Chí Minh với văn nghệ sĩ văn nghệ sĩ với Hồ Chí Minh
Đã lưu trong:
| Hovedforfatter: | |
|---|---|
| Format: | Bog |
| Tags: |
Tilføj Tag
Ingen Tags, Vær først til at tagge denne postø!
|
| Thư viện lưu trữ: | Mạng thư viện Đại học Đà Nẵng |
|---|
| LEADER | 00561nam a2200205 4500 | ||
|---|---|---|---|
| 001 | 000008099 | ||
| 003 | 4281 | ||
| 005 | 20150812140800.0 | ||
| 008 | 111014s sd | ||
| 082 | 1 | |a 335.4346 |b HÔ-C | |
| 100 | 0 | |a Hồ Chí Minh | |
| 245 | 0 | 0 | |a Hồ Chí Minh với văn nghệ sĩ văn nghệ sĩ với Hồ Chí Minh |c Hồ Chí Minh |
| OWN | |a LSP | ||
| 999 | |a From the UDN01 | ||
| TYP | |a Monograph | ||
| TYP | |a Printed language | ||
| 980 | |a Mạng thư viện Đại học Đà Nẵng | ||